000 00315nam a22001457a 4500
008 230515b ||||| |||| 00| 0 eng d
020 _a9780136321910
041 _aeng
080 _a37
082 _a37CAR
100 _a24
101 _aEDU
245 _aKEYS TO EFFECTIVE LEARNING
_cCARTER.C
942 _2udc
_cBK
999 _c59711
_d59711